00283 2200121 4500001002100000005001500021035002000036245004000056260003300096082000800129084001200137990001200149INLIS00000000000259920250605022009 a0010-0625000185 aResep Masakan Bergizi /cSugeng HR. aJakarta :bAneka Ilmu,c2003 a600 a600 RES a0320396